New draft floods in (Record no. 67415)
[ view plain ]
| 000 -LEADER | |
|---|---|
| fixed length control field | 01329cam a2200253 4500 |
| 001 - CONTROL NUMBER | |
| control field | X113201 |
| 008 - FIXED-LENGTH DATA ELEMENTS--GENERAL INFORMATION | |
| fixed length control field | 000000n2001 000 0 eng u |
| 035 ## - SYSTEM CONTROL NUMBER | |
| System control number | (Sirsi) u113201 |
| 100 ## - MAIN ENTRY--PERSONAL NAME | |
| Personal name | Waters, B. |
| 245 ## - TITLE STATEMENT | |
| Title | New draft floods in |
| 260 ## - PUBLICATION, DISTRIBUTION, ETC. | |
| Date of publication, distribution, etc. | 2001 |
| 490 ## - SERIES STATEMENT | |
| Series statement | Architects' Journal |
| Volume/sequential designation | 213(21) 31 May 2001, 36(1) |
| 520 ## - SUMMARY, ETC. | |
| Summary, etc. | Reviews the key provisions of the revised draft of PPG25 "Development and flood risk" which introduces the risk-based sequential test, directing developers and local authorities towards sites where there is a low flood risk, and makes flood risk a material consideration in determining planning applications and preparing development plans. Consultants will now be obliged to advise clients of any vulnerability of their land to flooding whilst developers will have to demonstrate an awareness of flood risk. Development in areas at risk from flooding may be dependant on the completion of flood alleviation works to the cost of which developers will be expected to contribute. |
| 650 ## - SUBJECT ADDED ENTRY--TOPICAL TERM | |
| Topical term or geographic name entry element | CONSULTANTS |
| 650 ## - SUBJECT ADDED ENTRY--TOPICAL TERM | |
| Topical term or geographic name entry element | DEVELOPERS |
| 650 ## - SUBJECT ADDED ENTRY--TOPICAL TERM | |
| Topical term or geographic name entry element | FLOOD DEFENCES |
| 650 ## - SUBJECT ADDED ENTRY--TOPICAL TERM | |
| Topical term or geographic name entry element | FLOOD RISK |
| 650 ## - SUBJECT ADDED ENTRY--TOPICAL TERM | |
| Topical term or geographic name entry element | FLOODING |
| 650 ## - SUBJECT ADDED ENTRY--TOPICAL TERM | |
| Topical term or geographic name entry element | PLANNING POLICY |
| 650 ## - SUBJECT ADDED ENTRY--TOPICAL TERM | |
| Topical term or geographic name entry element | PLANNING POLICY GUIDANCE |
| 650 ## - SUBJECT ADDED ENTRY--TOPICAL TERM | |
| Topical term or geographic name entry element | PPG25 |
| 690 ## - LOCAL SUBJECT ADDED ENTRY--TOPICAL TERM (OCLC, RLIN) | |
| Topical term or geographic name as entry element | ENVIRONMENTAL AND LAND CONSULTANCY-PLANNING AND DEVELOPMENT |
| 942 ## - ADDED ENTRY ELEMENTS (KOHA) | |
| Suppress in OPAC | 0 |
| Withdrawn status | Lost status | Source of classification or shelving scheme | Damaged status | Not for loan | Home library | Current library | Shelving location | Date acquired | Total Checkouts | Full call number | Barcode | Date last seen | Copy number | Price effective from | Koha item type |
|---|---|---|---|---|---|---|---|---|---|---|---|---|---|---|---|
| Dewey Decimal Classification | London | London | Journal article | 20/06/2001 | X113201 | 113201-1001 | 06/08/2019 | 1 | 06/08/2019 | Journal article |